Export margins, price and quantity of Belarus's export growth

Skúmanie príčin rastu exportu v Bielorusku. Delenie exportu na extenzívne a intenzívne marže. Určenie vývozné rozpätia pre medziprodukty a hotové výrobky. Použitie metódy rozloženia exportného rastu.

Salvato in:
Dettagli Bibliografici
Autore principale: Otamurodov, Shavkat
Altri autori: Zhu, Shujin, ul Haq, Ihtisham, Zhong, Tenglong
Natura: Capitolo di libro
Lingua:inglese
Soggetti:
Tags: Aggiungi Tag
Nessun Tag, puoi essere il primo ad aggiungerne!!

MARC

LEADER 00000naa a2200000 4500
001 0234376
005 20220805075913.1
041 0 |a eng 
044 |a CZ 
245 1 0 |a Export margins, price and quantity of Belarus's export growth  |c Shavkat Otamurodov, Shujin Zhu, Ihtisham ul Haq, Tenglong Zhong 
520 |a Skúmanie príčin rastu exportu v Bielorusku. Delenie exportu na extenzívne a intenzívne marže. Určenie vývozné rozpätia pre medziprodukty a hotové výrobky. Použitie metódy rozloženia exportného rastu. 
610 2 0 |a Bielorusko 
610 2 0 |a vývoz 
610 2 0 |a rast hospodársky 
610 2 0 |a integrácia ekonomická 
610 2 0 |a obchod 
100 1 |a Otamurodov, Shavkat 
700 1 |a Zhu, Shujin 
700 1 |a ul Haq, Ihtisham 
700 1 |a Zhong, Tenglong